000 00820nam a2200253Ia 4500
003 OSt
005 20220926013318.0
006 a|||||r|||| 00| 0
007 ta
008 220923b |||||||| |||| 00| 0 eng d
037 _cGeneral Book
040 _aRTL
_cRTL
_beng
041 _2eng
_aeng
082 _aXM8:8, L3
100 _aRobinson Richard D
_9250571
245 0 _aInternational business mangement
_b A guide to deci
260 _aNew York
_bHolt Richart and Winston
_c1973
300 _axvi, 686p
_ccm.
490 _aHolt, Rinchart and Winston International Business Series. Ed by Vern Terpstra
500 _aBibliography at the end of Few chapters; Glossary p 656-60
650 _aMultinational
942 _hXM8:8, L3
_cGB
_2CC
999 _c625667
_d625667